Normal view
MARC view
- Bashir. A. Qureshi
Entry Personal Name
001 - CONTROL NUMBER
- control field: 33261
003 - CONTROL NUMBER IDENTIFIER
- control field: NUST
005 - DATE AND TIME OF LATEST TRANSACTION
- control field: 20201020150144.0
008 - FIXED-LENGTH DATA ELEMENTS
- fixed length control field: 201020|| aca||aabn | a|a d
040 ## - CATALOGING SOURCE
- Original cataloging agency: NUST
- Transcribing agency: NUST
100 ## - HEADING--PERSONAL NAME
- Personal name: Bashir. A. Qureshi
670 ## - SOURCE DATA FOUND
- Source citation: Work cat.: (NUST)531: Bashir. A. Qureshi., Kitabistans new millennium :, 1988.
